Alternatívy skúmania štruktúry slovenskej ekonomiky prostredníctvom Leontiefovho modelu
Input-output analýza zachytáva medziodvetvové vzťahy medzi jednotlivými sektormi a poskytuje hĺbkový pohľad do štruktúry slovenskej ekonomiky. Analýza štruktúry ekonomiky prostredníctvom Leontiefovho modelu.
Na minha lista:
| Autor principal: | |
|---|---|
| Formato: | Capítulo de Livro |
| Idioma: | eslovaco |
| Assuntos: | |
| Tags: |
Sem tags, seja o primeiro a adicionar uma tag!
|
MARC
| LEADER | 00000nla$a2200000$$$4500 | ||
|---|---|---|---|
| 001 | 0120292 | ||
| 005 | 20240502072340.3 | ||
| 041 | 0 | |a slo | |
| 044 | |a SK | ||
| 245 | 1 | 0 | |a Alternatívy skúmania štruktúry slovenskej ekonomiky prostredníctvom Leontiefovho modelu |c Daniela Rumpelová |
| 520 | |a Input-output analýza zachytáva medziodvetvové vzťahy medzi jednotlivými sektormi a poskytuje hĺbkový pohľad do štruktúry slovenskej ekonomiky. Analýza štruktúry ekonomiky prostredníctvom Leontiefovho modelu. | ||
| 610 | 2 | 0 | |a hospodárstvo národné |
| 610 | 2 | 0 | |a Slovensko |
| 610 | 2 | 0 | |a modely |
| 610 | 2 | 0 | |a analýzy |
| 100 | 1 | |a Rumpelová, Daniela, 1982- | |